[Event "Montigny le Bretonneux Noel op 17th"]
[Site "Montigny le Bretonneux"]
[Date "2016.12.28"]
[Round "4"]
[White "Van Dongen, Patrick"]
[Black "Ibazizen, Abdelatif"]
[Result "1-0"]
[WhiteElo "2311"]
[BlackElo "2021"]
[PlyCount "141"]
[EventDate "2016.12.26"]
[EventType "swiss"]
[EventRounds "7"]
[EventCountry "FRA"]
[SourceTitle "CBM 176 Extra"]
[Source "ChessBase"]
[SourceDate "2017.03.02"]
[SourceVersion "1"]
[SourceVersionDate "2017.03.02"]
[SourceQuality "1"]

1. d4 Nf6 2. Nf3 g6 3. Bf4 d6 4. e3 Bg7 5. h3 0-0 6. Be2 Nbd7 7. 0-0 c6 8. c4 Qa5 9. Nc3 e5 10. Bh2 Re8 11. a3 exd4 12. exd4 d5 13. Re1 Qd8 14. cxd5 Nxd5 15. Nxd5 cxd5 16. Rc1 Bh6 17. Rc7 Nf8 18. Rc3 Ne6 19. Bf1 b6 20. Be5 Bd7 21. Ba6 Bc8 22. Bd3 a6 23. Rc6 Bf8 24. Qd2 Bb7 25. Rcc1 Bd6 26. Bf1 Rc8 27. Rxc8 Bxc8 28. Bxd6 Qxd6 29. Qh6 Qf8 30. Qh4 Bb7 31. Ne5 Qe7 32. Qxe7 Rxe7 33. Nf3 Rc7 34. Bd3 Kg7 35. g3 h5 36. h4 Kf6 37. Kf1 Bc8 38. Ke2 Ke7 39. Kd2 Kd6 40. Rc1 Rxc1 41. Kxc1 b5 42. Kd2 Bd7 43. b4 Be8 44. Kc3 Nc7 45. Nd2 Na8 46. Nb3 Kc6 47. Nc5 Nc7 48. Kd2 Kd6 49. Ke3 Ke7 50. Bf1 Bd7 51. Bg2 Be6 52. Kf4 Kf6 53. Ke3 Bc8 54. Kd3 g5 55. Ke3 Bf5 56. Bf1 Bc8 57. Be2 g4 58. f3 gxf3 59. Kxf3 Kg6 60. Kf4 f6 61. Ke3 Bf5 62. Bd1 Bb1 63. Bf3 Bf5 64. Bg2 Bb1 65. Kf4 Bf5 66. Bf1 Ne6+ 67. Nxe6 Bxe6 68. Bd3+ Kg7 69. Bf5 Kf7 70. Bxe6+ Kxe6 71. g4 1-0

[Event "Montigny le Bretonneux Noel op 16th"]
[Site "Montigny le Bretonneux"]
[Date "2015.12.30"]
[Round "7"]
[White "Van Dongen, Patrick"]
[Black "Duval, Sylvain"]
[Result "1-0"]
[WhiteElo "2315"]
[BlackElo "1977"]
[PlyCount "87"]
[EventDate "2015.12.27"]
[EventType "swiss"]
[EventRounds "7"]
[EventCountry "FRA"]
[SourceTitle "CBM 170 Extra"]
[Source "ChessBase"]
[SourceDate "2016.02.25"]
[SourceVersion "1"]
[SourceVersionDate "2016.02.25"]
[SourceQuality "1"]

1. e4 c5 2. Nf3 g6 3. d4 cxd4 4. Qxd4 Nf6 5. e5 Nc6 6. Qa4 Nd5 7. Qe4 Nc7 8. Nc3 Bg7 9. Bf4 0-0 10. 0-0-0 Ne6 11. Bg3 a6 12. h4 b5 13. h5 Bh6+ 14. Kb1 Kg7 15. Nh2 f5 16. exf6+ exf6 17. hxg6 hxg6 18. Bd6 Rh8 19. Ng4 Ng5 20. Qf4 Nf7 21. Nxh6 Rxh6 22. Rxh6 Nxh6 23. Bd3 Nf7 24. Bc7 g5 25. Qg3 Qh8 26. Be4 Ra7 27. Bb6 Rb7 28. Be3 Qh4 29. Qxh4 gxh4 30. Rh1 Ng5 31. Bd5 b4 32. Na4 Rb5 33. Bc4 Re5 34. Nb6 Bb7 35. Nxd7 Re7 36. Nc5 Na5 37. Rxh4 Nxc4 38. Rxc4 Bxg2 39. Nxa6 Bf1 40. Rc6 Bxa6 41. Rxa6 Ne4 42. Rb6 Nxf2 43. Bxf2 Re2 44. Bg3 1-0

[Event "Montigny le Bretonneux Noel op 16th"]
[Site "Montigny le Bretonneux"]
[Date "2015.12.29"]
[Round "5"]
[White "Van Dongen, Patrick"]
[Black "Etrog, Jonathan"]
[Result "1-0"]
[WhiteElo "2315"]
[BlackElo "2250"]
[PlyCount "69"]
[EventDate "2015.12.27"]
[EventType "swiss"]
[EventRounds "7"]
[EventCountry "FRA"]
[SourceTitle "CBM 170 Extra"]
[Source "ChessBase"]
[SourceDate "2016.02.25"]
[SourceVersion "1"]
[SourceVersionDate "2016.02.25"]
[SourceQuality "1"]

1. d4 Nf6 2. Nf3 c5 3. d5 e6 4. Nc3 exd5 5. Nxd5 Nxd5 6. Qxd5 d6 7. e4 Nc6 8. Ng5 Qc7 9. Bc4 Ne5 10. Bb5+ Bd7 11. Bxd7+ Qxd7 12. Bf4 Ng4 13. 0-0 h6 14. Nf3 0-0-0 15. Rfe1 g5 16. Bg3 Be7 17. Rad1 Rhg8 18. Qxf7 Rdf8 19. Qd5 Nf6 20. Qd3 Nh5 21. Bxd6 Rd8 22. Bg3 Qg4 23. Ne5 Qe6 24. Qc4 Qb6 25. Nf7 Rxd1 26. Rxd1 Rf8 27. Nd6+ Kb8 28. Nf5+ Nxg3 29. hxg3 Bf6 30. b3 Qc7 31. Qe6 Bd4 32. Nxd4 Rd8 33. c3 cxd4 34. Rxd4 Rf8 35. Qd6 1-0

[Event "Paris-ch op 90th"]
[Site "Paris"]
[Date "2015.07.04"]
[Round "1"]
[White "Mouhamad, Joachin"]
[Black "Van Dongen, Patrick"]
[Result "1/2-1/2"]
[WhiteElo "2207"]
[BlackElo "2304"]
[PlyCount "54"]
[EventDate "2015.07.04"]
[EventType "swiss"]
[EventRounds "9"]
[EventCountry "FRA"]
[SourceTitle "CBM 167 Extra"]
[Source "ChessBase"]
[SourceDate "2015.09.14"]
[SourceVersion "1"]
[SourceVersionDate "2015.09.14"]
[SourceQuality "1"]

1. e4 e6 2. d4 d5 3. e5 c5 4. Qg4 Nc6 5. Nf3 Nxd4 6. Nxd4 cxd4 7. Bd3 Qb6 8. 0-0 Bd7 9. Nd2 Bb5 10. Nb3 Bxd3 11. cxd3 Ne7 12. Qxd4 Qxd4 13. Nxd4 Kd7 14. Be3 Nf5 15. Nxf5 exf5 16. Rac1 Be7 17. Bc5 Rhc8 18. Bxe7 Kxe7 19. f4 Ke6 20. Kf2 d4 21. Rc4 Rxc4 22. dxc4 Rc8 23. b3 b5 24. Rc1 bxc4 25. Rxc4 Rxc4 26. bxc4 Kd7 27. Ke2 Kc6 1/2-1/2

[Event "Montigny le Bretonneux 2nd"]
[Site "Montigny le Bretonneux"]
[Date "2014.10.19"]
[Round "2"]
[White "Van Dongen, Patrick"]
[Black "Kambrath, Yannick"]
[Result "1-0"]
[WhiteElo "2312"]
[BlackElo "2267"]
[PlyCount "87"]
[EventDate "2014.10.18"]
[EventType "tourn"]
[EventRounds "9"]
[EventCountry "FRA"]
[EventCategory "5"]
[SourceTitle "EXT 2016"]
[Source "ChessBase"]
[SourceDate "2015.10.08"]
[SourceVersion "1"]
[SourceVersionDate "2015.10.08"]
[SourceQuality "1"]

1. c4 Nf6 2. Nc3 g6 3. e4 d6 4. d4 Bg7 5. Nf3 0-0 6. Be2 Nbd7 7. 0-0 e5 8. Be3 Qe7 9. Qc2 exd4 10. Nxd4 Re8 11. f3 c6 12. Rad1 a6 13. Bf2 Ne5 14. Qd2 Qc7 15. Rc1 c5 16. Nc2 Be6 17. b3 Nc6 18. Rfd1 Rad8 19. Bh4 Rd7 20. Nd5 Qd8 21. Nce3 Nd4 22. Bd3 h6 23. Nxf6+ Bxf6 24. Bxf6 Qxf6 25. Nc2 Kg7 26. Nxd4 Qxd4+ 27. Kh1 f6 28. Bf1 Qe5 29. Re1 g5 30. Rcd1 Red8 31. g3 f5 32. Bh3 fxe4 33. Bxe6 Qxe6 34. Rxe4 Qf6 35. Kg2 Rf7 36. Qe3 Rdf8 37. Rd3 Rd8 38. Re6 Qb2+ 39. Rd2 Qc1 40. Qd3 Rf6 41. Re7+ Kf8 42. Rde2 g4 43. f4 Qa1 44. Qh7 1-0

[Event "Montigny le Bretonneux 2nd"]
[Site "Montigny le Bretonneux"]
[Date "2014.10.18"]
[Round "1"]
[White "Saada, Julien"]
[Black "Van Dongen, Patrick"]
[Result "1/2-1/2"]
[WhiteElo "2331"]
[BlackElo "2312"]
[PlyCount "39"]
[EventDate "2014.10.18"]
[EventType "tourn"]
[EventRounds "9"]
[EventCountry "FRA"]
[EventCategory "5"]
[SourceTitle "EXT 2016"]
[Source "ChessBase"]
[SourceDate "2015.10.08"]
[SourceVersion "1"]
[SourceVersionDate "2015.10.08"]
[SourceQuality "1"]

1. d4 Nf6 2. Nf3 g6 3. Nbd2 d5 4. b4 Bg7 5. e3 0-0 6. Be2 b6 7. Bb2 Nbd7 8. b5 Bb7 9. c4 c5 10. bxc6 Bxc6 11. 0-0 Qb8 12. Qb3 dxc4 13. Nxc4 Bd5 14. Qa3 Rc8 15. Nce5 Nxe5 16. Nxe5 Qd6 17. Qa4 a6 18. Rfc1 b5 19. Qa5 Nd7 20. Nxd7 1/2-1/2

[Event "Montigny le Bretonneux Dames Noire 1st"]
[Site "Montigny le Bretonneux"]
[Date "2013.10.26"]
[Round "8"]
[White "Van Dongen, Patrick"]
[Black "Todorov, Todor"]
[Result "0-1"]
[WhiteElo "2339"]
[BlackElo "2480"]
[PlyCount "88"]
[EventDate "2013.10.19"]
[EventType "tourn"]
[EventRounds "9"]
[EventCountry "FRA"]
[EventCategory "4"]
[SourceTitle "EXT 2014"]
[Source "ChessBase"]
[SourceDate "2013.11.20"]
[SourceVersion "1"]
[SourceVersionDate "2013.11.20"]
[SourceQuality "1"]

1. d4 d5 2. c4 Nc6 3. Nc3 dxc4 4. d5 Ne5 5. Bf4 Ng6 6. Bg3 e5 7. Nf3 Bd6 8. e4 Nf6 9. Nd2 h5 10. h4 a6 11. Nxc4 Bc5 12. Be2 Qe7 13. Qc2 0-0 14. 0-0-0 Bd7 15. Kb1 Rac8 16. Rhe1 b5 17. Na5 Bb4 18. Nc6 Bxc6 19. dxc6 Bxc3 20. Qxc3 Nxe4 21. Qc2 Nxg3 22. fxg3 Rfd8 23. Bxh5 Nf8 24. Bf3 Rxd1+ 25. Rxd1 Rd8 26. Rd5 Qf6 27. a3 Rxd5 28. Bxd5 Ng6 29. Bf3 Ne7 30. Qd2 Nxc6 31. Qd7 Nd4 32. Bd5 Qf5+ 33. Qxf5 Nxf5 34. b4 Kf8 35. Bb7 Ke7 36. Bxa6 c6 37. Bc8 Nxg3 38. Bg4 f5 39. Bd1 Kd6 40. a4 bxa4 41. Bxa4 f4 42. Kc2 Nf5 43. h5 e4 44. Kd2 Ne3 0-1

[Event "Saint Affrique op 21st"]
[Site "Saint Affrique"]
[Date "2013.07.26"]
[Round "8"]
[White "Degraeve, Jean Marc"]
[Black "Van Dongen, Patrick"]
[Result "1-0"]
[WhiteElo "2574"]
[BlackElo "2318"]
[PlyCount "55"]
[EventDate "2013.07.20"]
[EventType "swiss"]
[EventRounds "9"]
[EventCountry "FRA"]
[SourceTitle "EXT 2014"]
[Source "ChessBase"]
[SourceDate "2013.11.20"]
[SourceVersion "1"]
[SourceVersionDate "2013.11.20"]
[SourceQuality "1"]

1. e4 e5 2. Nf3 Nc6 3. Bc4 Bc5 4. 0-0 Nf6 5. d3 d6 6. c3 a6 7. Bb3 Ba7 8. Nbd2 0-0 9. h3 h6 10. Re1 Re8 11. Nf1 Be6 12. Ng3 d5 13. exd5 Bxd5 14. Bc2 Qd7 15. Be3 Bxe3 16. Rxe3 Re7 17. Nh4 g6 18. c4 Be6 19. Ba4 Qd6 20. Bxc6 bxc6 21. Nf3 Bd7 22. Qe2 Rae8 23. Re1 Bc8 24. Nxe5 Nd7 25. f4 Qd4 26. Kh1 Nc5 27. b4 Ne6 28. Nxc6 1-0

[Event "Saint Affrique op 21st"]
[Site "Saint Affrique"]
[Date "2013.07.21"]
[Round "2"]
[White "Van Dongen, Patrick"]
[Black "Grosse, Ludovic"]
[Result "1-0"]
[WhiteElo "2318"]
[BlackElo "1842"]
[PlyCount "87"]
[EventDate "2013.07.20"]
[EventType "swiss"]
[EventRounds "9"]
[EventCountry "FRA"]
[SourceTitle "EXT 2014"]
[Source "ChessBase"]
[SourceDate "2013.11.20"]
[SourceVersion "1"]
[SourceVersionDate "2013.11.20"]
[SourceQuality "1"]

1. e4 c5 2. Nf3 d6 3. d4 cxd4 4. Qxd4 Nc6 5. Bb5 Bd7 6. Bxc6 Bxc6 7. c4 Nf6 8. Nc3 g6 9. 0-0 Bg7 10. Qd3 0-0 11. Be3 Rc8 12. Rfe1 Qa5 13. Bd4 Rfd8 14. a3 Bd7 15. Rac1 Be6 16. Nd5 Nxd5 17. exd5 Bf5 18. Qe3 Bxd4 19. Nxd4 Bd7 20. h3 Qb6 21. b3 Re8 22. Rcd1 Qc5 23. a4 Kg7 24. Qc3 Kg8 25. Qd2 Kg7 26. Re4 h6 27. Rde1 e5 28. dxe6 Bxe6 29. Nxe6+ Rxe6 30. Rxe6 fxe6 31. Rxe6 Rf8 32. Re7+ Rf7 33. Rxf7+ Kxf7 34. Qxh6 Qb4 35. Qe3 a6 36. g3 Kg7 37. Qd4+ Kh7 38. Qd3 Qc5 39. h4 Qe5 40. Kg2 Kg7 41. Qd5 Qe7 42. Qd3 Qe5 43. Qe3 Qf6 44. Qg5 1-0

[Event "Montigny le Bretonneux Noel op 15th"]
[Site "Montigny le Bretonneux"]
[Date "2012.12.28"]
[Round "4"]
[White "Debray, Christopher"]
[Black "Van Dongen, Patrick"]
[Result "1/2-1/2"]
[WhiteElo "2356"]
[BlackElo "2318"]
[PlyCount "85"]
[EventDate "2012.12.26"]
[EventType "swiss"]
[EventRounds "7"]
[EventCountry "FRA"]
[SourceTitle "CBM 152 Extra"]
[Source "ChessBase"]
[SourceDate "2013.02.25"]
[SourceVersion "1"]
[SourceVersionDate "2013.02.25"]
[SourceQuality "1"]

1. d4 d5 2. c4 c6 3. Nf3 Nf6 4. e3 Bg4 5. Nc3 e6 6. Qb3 Qb6 7. Nh4 Be7 8. h3 Bh5 9. g4 Bg6 10. Nxg6 hxg6 11. g5 Nfd7 12. e4 dxe4 13. Be3 Rh4 14. Bg2 Qxb3 15. axb3 Bb4 16. Ke2 Bxc3 17. bxc3 f5 18. f3 exf3+ 19. Kxf3 Rh8 20. Kg3 Kf7 21. Bf4 Nb6 22. Rhe1 N8d7 23. Ra2 a6 24. Rae2 Rhe8 25. Bd6 Nc8 26. Ba3 Ncb6 27. d5 cxd5 28. c5 Rac8 29. cxb6 Rxc3+ 30. Kh2 Nxb6 31. Bd6 Rxb3 32. Bc7 Rc8 33. Bd6 Re8 34. Bc7 Rb5 35. Bxb6 Rxb6 36. Bxd5 Re7 37. Ba2 Rd6 38. Kg3 b5 39. Re5 Rd3+ 40. Kf4 Rd4+ 41. Ke3 Rd6 42. Kf4 Rd4+ 43. Ke3 1/2-1/2

[Event "Montigny le Bretonneux Noel op 15th"]
[Site "Montigny le Bretonneux"]
[Date "2012.12.26"]
[Round "1"]
[White "Van Dongen, Patrick"]
[Black "Couradin, Jean Marie"]
[Result "1-0"]
[WhiteElo "2318"]
[BlackElo "1667"]
[PlyCount "61"]
[EventDate "2012.12.26"]
[EventType "swiss"]
[EventRounds "7"]
[EventCountry "FRA"]
[SourceTitle "CBM 152 Extra"]
[Source "ChessBase"]
[SourceDate "2013.02.25"]
[SourceVersion "1"]
[SourceVersionDate "2013.02.25"]
[SourceQuality "1"]

1. e4 c5 2. c3 Nc6 3. d4 cxd4 4. cxd4 d6 5. Nc3 Nf6 6. Nf3 g6 7. h3 Bg7 8. Be2 0-0 9. 0-0 a6 10. Be3 b5 11. Rc1 Bb7 12. d5 Nb8 13. Qb3 Nbd7 14. a4 Qa5 15. axb5 Nc5 16. Bxc5 dxc5 17. Nd2 Nd7 18. bxa6 Bxa6 19. Ra1 Qc7 20. Rxa6 Rxa6 21. Bxa6 Rb8 22. Qc2 Qb6 23. Bb5 Ne5 24. b3 Qa5 25. Be2 Nd7 26. Rc1 Rb4 27. Nd1 Bd4 28. Nb2 Ne5 29. Nbc4 Qc7 30. Nxe5 Qxe5 31. Nf3 1-0

[Event "Yvelines-ch"]
[Site "Fontenay le Fleury"]
[Date "2012.02.19"]
[Round "4"]
[White "Liard, Thibaud"]
[Black "Van Dongen, Patrick"]
[Result "0-1"]
[WhiteElo "2174"]
[BlackElo "2285"]
[PlyCount "96"]
[EventDate "2012.02.18"]
[EventType "swiss"]
[EventRounds "7"]
[EventCountry "FRA"]
[SourceTitle "EXT 2013"]
[Source "ChessBase"]
[SourceDate "2012.11.22"]
[SourceVersion "1"]
[SourceVersionDate "2012.11.22"]
[SourceQuality "1"]

1. d4 Nf6 2. c4 e6 3. g3 d5 4. Bg2 Nc6 5. Nf3 dxc4 6. 0-0 Rb8 7. Re1 Be7 8. e4 0-0 9. e5 Nd7 10. Nbd2 b5 11. Ne4 Bb7 12. Be3 Nb4 13. Nfg5 h6 14. Nh3 f5 15. exf6 Nxf6 16. Nxf6+ Rxf6 17. Bxb7 Rxb7 18. Nf4 Nd5 19. Nh5 Rf5 20. Qg4 Bg5 21. h4 Nf6 22. Nxf6+ Bxf6 23. Rad1 h5 24. Qe2 Qd5 25. Bf4 Kf7 26. Bg5 Rf3 27. Bxf6 gxf6 28. Qc2 Rf5 29. Re4 Rb6 30. Rde1 Ke7 31. Qd2 Kd7 32. Qh6 Kc8 33. Rf4 Kb7 34. Rxf5 Qxf5 35. Qe3 Rd6 36. b3 Qd5 37. bxc4 Qxc4 38. Qf3+ Qd5 39. Qxd5+ exd5 40. f3 Ra6 41. g4 hxg4 42. fxg4 Rxa2 43. Rf1 b4 44. Rxf6 a5 45. h5 b3 46. Rf3 a4 47. h6 b2 48. Rf1 Ra1 0-1

[Event "Montigny le Bretonneux op 10th"]
[Site "Montigny le Bretonneux"]
[Date "2011.10.30"]
[Round "9"]
[White "Dominguez, Alain"]
[Black "Van Dongen, Patrick"]
[Result "0-1"]
[WhiteElo "1877"]
[BlackElo "2280"]
[PlyCount "76"]
[EventDate "2011.10.22"]
[EventType "swiss"]
[EventRounds "9"]
[EventCountry "FRA"]
[SourceTitle "EXT 2012"]
[Source "ChessBase"]
[SourceDate "2011.11.24"]
[SourceVersion "1"]
[SourceVersionDate "2011.11.24"]
[SourceQuality "1"]

1. c4 e5 2. Nc3 Nc6 3. g3 g6 4. Bg2 Bg7 5. e3 d6 6. Nge2 Nge7 7. 0-0 0-0 8. d4 exd4 9. exd4 Nf5 10. d5 Ncd4 11. Nxd4 Nxd4 12. Re1 Bd7 13. Qd3 a6 14. Be3 Qf6 15. f4 Nf5 16. Bf2 Rae8 17. Rad1 h5 18. Kf1 Nh6 19. h3 h4 20. Rxe8 Rxe8 21. Bd4 Qxd4 22. Qxd4 Bxd4 23. Rxd4 Nf5 24. Rd3 Nxg3+ 25. Kf2 Kg7 26. b4 b6 27. a3 Kf6 28. Re3 Rxe3 29. Kxe3 Bf5 30. a4 a5 31. bxa5 bxa5 32. Nb5 Bc2 33. c5 dxc5 34. Nxc7 Bxa4 35. Kd2 Ke7 36. Kc3 Kd6 37. Na8 Ne2+ 38. Kb2 Nxf4 0-1

[Event "Montigny le Bretonneux op 10th"]
[Site "Montigny le Bretonneux"]
[Date "2011.10.28"]
[Round "7"]
[White "Bouvier, Clement"]
[Black "Van Dongen, Patrick"]
[Result "0-1"]
[WhiteElo "1814"]
[BlackElo "2280"]
[PlyCount "38"]
[EventDate "2011.10.22"]
[EventType "swiss"]
[EventRounds "9"]
[EventCountry "FRA"]
[SourceTitle "EXT 2012"]
[Source "ChessBase"]
[SourceDate "2011.11.24"]
[SourceVersion "1"]
[SourceVersionDate "2011.11.24"]
[SourceQuality "1"]

1. d4 Nf6 2. Bg5 c5 3. d5 Qb6 4. Bc1 e6 5. c4 exd5 6. cxd5 g6 7. Nc3 Bg7 8. e4 d6 9. Bd3 0-0 10. Nge2 Nbd7 11. f4 Re8 12. Ng3 c4 13. Bxc4 Nxe4 14. Ngxe4 Nf6 15. Qb3 Nxe4 16. Nxe4 Rxe4+ 17. Kf1 Qd4 18. Bd3 Rxf4+ 19. Bxf4 Qxf4+ 0-1

[Event "Montigny le Bretonneux op 10th"]
[Site "Montigny le Bretonneux"]
[Date "2011.10.24"]
[Round "3"]
[White "Duval, Dominique"]
[Black "Van Dongen, Patrick"]
[Result "0-1"]
[WhiteElo "1805"]
[BlackElo "2280"]
[PlyCount "74"]
[EventDate "2011.10.22"]
[EventType "swiss"]
[EventRounds "9"]
[EventCountry "FRA"]
[SourceTitle "EXT 2012"]
[Source "ChessBase"]
[SourceDate "2011.11.24"]
[SourceVersion "1"]
[SourceVersionDate "2011.11.24"]
[SourceQuality "1"]

1. d4 Nf6 2. Nf3 g6 3. Bf4 Bg7 4. Nc3 c5 5. d5 d6 6. e4 0-0 7. Bd3 Na6 8. 0-0 Nc7 9. a4 b6 10. Qd2 Bg4 11. Be2 a6 12. h3 Bxf3 13. Bxf3 Nd7 14. Bh6 b5 15. Bxg7 Kxg7 16. h4 Rb8 17. Be2 Nf6 18. Qf4 bxa4 19. Nxa4 Rb4 20. c4 e6 21. Rfd1 exd5 22. e5 dxe5 23. Qxe5 Re8 24. Qc3 Rxe2 25. Nxc5 Rbxb2 26. Nd3 Rbc2 27. Qa5 Ng4 28. Qb6 dxc4 29. Ne5 Qxh4 30. Nxg4 Qxg4 31. Qxc7 Rxf2 32. Qe5+ f6 33. Qe7+ Kh6 34. Qf8+ Kh5 35. Qc5+ Rf5 36. Qc6 Rg5 37. Rd5 Qxg2# 0-1